[Event "Clutch Chess: Champions"]
[Site "Saint Louis USA"]
[Date "2025.10.27"]
[Round "1.2"]
[White "Gukesh, D"]
[Black "Carlsen, Magnus"]
[Result "0-1"]
[WhiteTitle "GM"]
[BlackTitle "GM"]
[WhiteElo "2752"]
[BlackElo "2839"]
[WhiteFideId "46616543"]
[BlackFideId "1503014"]
[EventDate "2025.10.27"]

1. e4 d6 2. d4 Nf6 3. Nc3 e5 4. Nf3 Nbd7 5. Bc4 Be7 6. O-O O-O 7. a4 c6 8. Re1
h6 9. h3 Re8 10. Be3 exd4 11. Bxd4 Bf8 12. Nd2 Ne5 13. Bf1 Ng6 14. a5 Be6 15. g3
d5 16. Bg2 Bb4 17. a6 bxa6 18. exd5 Nxd5 19. Nxd5 Bxd5 20. Rxe8+ Qxe8 21. Bxd5
cxd5 22. c3 Bf8 23. Rxa6 Qb5 24. Ra2 a5 25. Qa4 Qd3 26. Nf1 Ra6 27. b4 Re6 28.
Rd2 Qf5 29. bxa5 Qxh3 30. a6 Re1 31. Qb5 Bc5 32. Qd3 Bxd4 33. cxd4 Ra1 34. Rd1
Nf4 0-1

[Event "Clutch Chess: Champions"]
[Site "Saint Louis USA"]
[Date "2025.10.27"]
[Round "2.2"]
[White "Carlsen, Magnus"]
[Black "Gukesh, D"]
[Result "1/2-1/2"]
[WhiteTitle "GM"]
[BlackTitle "GM"]
[WhiteElo "2839"]
[BlackElo "2752"]
[WhiteFideId "1503014"]
[BlackFideId "46616543"]
[EventDate "2025.10.27"]

1. d4 Nf6 2. c4 e6 3. Nf3 d5 4. g3 Bb4+ 5. Nbd2 a5 6. Bg2 a4 7. a3 Be7 8. O-O
Nc6 9. Qc2 O-O 10. Rd1 Bd7 11. e4 dxe4 12. Nxe4 Nxe4 13. Qxe4 Na5 14. Qe2 Bc6
15. Bf4 Bf6 16. d5 exd5 17. cxd5 Bxd5 18. Ne5 c6 19. Bxd5 cxd5 20. Qb5 Nb3 21.
Rxd5 Ra5 22. Rxd8 Rxb5 23. Rxf8+ Kxf8 24. Re1 Rd5 25. Nc4 g5 26. Nb6 Rd3 27. Be5
Nd2 28. Kg2 Nf3 29. Nd7+ Rxd7 30. Kxf3 Bxe5 31. Rxe5 Rd3+ 32. Re3 Rd2 33. b3
axb3 34. Rxb3 Ra2 35. Rxb7 Rxa3+ 36. Kg4 Ra2 37. Kxg5 Rxf2 38. h4 Kg7 39. Rb6
Ra2 40. Rc6 Ra5+ 41. Kg4 Rb5 42. Kh3 Ra5 43. Rb6 Rc5 44. Ra6 Rb5 45. Rc6 Ra5 46.
Rb6 Rc5 47. Ra6 1/2-1/2

[Event "Clutch Chess: Champions"]
[Site "Saint Louis USA"]
[Date "2025.10.27"]
[Round "3.1"]
[White "Carlsen, Magnus"]
[Black "Caruana, Fabiano"]
[Result "1/2-1/2"]
[WhiteTitle "GM"]
[BlackTitle "GM"]
[WhiteElo "2839"]
[BlackElo "2789"]
[WhiteFideId "1503014"]
[BlackFideId "2020009"]
[EventDate "2025.10.27"]

1. Nf3 Nf6 2. c4 g6 3. Nc3 Bg7 4. e4 d6 5. d4 O-O 6. Be2 e5 7. O-O Bg4 8. d5 a5
9. Ne1 Bd7 10. Nd3 Na6 11. Be3 b6 12. b3 Nc5 13. Nxc5 bxc5 14. a3 h5 15. h3 Kh7
16. Qd2 Ng8 17. Rab1 Bh6 18. Bxh6 Nxh6 19. b4 axb4 20. axb4 cxb4 21. Rxb4 f5 22.
c5 f4 23. cxd6 cxd6 24. Rb7 Rf7 25. Rfb1 Bc8 26. R7b6 f3 27. Bxf3 Bxh3 28. Qe3
Bg4 29. Rb7 Kg7 30. Rxf7+ Nxf7 31. Bxg4 hxg4 32. Rb7 Qc8 33. Rb1 Ra3 34. Rc1 Qd8
35. Qd2 Qb6 36. Kh2 Rb3 37. Nd1 Qd8 38. Rc3 Rb1 39. Rc1 Rxc1 40. Qxc1 Qh4+ 41.
Kg1 g3 42. Qe3 Qh2+ 43. Kf1 Qh1+ 44. Ke2 Qxg2 45. Nc3 gxf2 46. Qxf2 Qg4+ 47. Kd3
Ng5 48. Qa7+ Kh6 49. Qe3 Kh5 50. Kc4 Qc8+ 51. Kb5 Qb7+ 52. Qb6 Qxb6+ 53. Kxb6
Nf7 54. Kc6 g5 55. Kd7 g4 56. Ne2 Kg6 57. Ke6 Ng5+ 58. Kxd6 Nxe4+ 59. Kxe5 Nf6
60. Kf4 Nxd5+ 61. Kxg4 1/2-1/2

[Event "Clutch Chess: Champions"]
[Site "Saint Louis USA"]
[Date "2025.10.27"]
[Round "4.1"]
[White "Caruana, Fabiano"]
[Black "Carlsen, Magnus"]
[Result "0-1"]
[WhiteTitle "GM"]
[BlackTitle "GM"]
[WhiteElo "2789"]
[BlackElo "2839"]
[WhiteFideId "2020009"]
[BlackFideId "1503014"]
[EventDate "2025.10.27"]

1. e4 e5 2. Nf3 Nc6 3. Bc4 Nf6 4. d3 Bc5 5. c3 h6 6. b4 Bb6 7. a4 a6 8. O-O d6
9. Re1 O-O 10. h3 Ne7 11. Nbd2 Ng6 12. Bb3 Re8 13. a5 Ba7 14. d4 c6 15. dxe5
dxe5 16. Nc4 Be6 17. Qc2 Qc7 18. Be3 Bxe3 19. Rxe3 Rad8 20. Nb6 Bxb3 21. Qxb3
Nf4 22. Kh2 g5 23. Qc4 g4 24. Nh4 Rd2 25. Ra2 Red8 26. Nf5 Rxa2 27. Qxa2 Kh7 28.
h4 Rd1 29. Nc4 g3+ 30. Rxg3 N4h5 31. Qe2 Nxg3 32. Qxd1 Ngxe4 33. Qc2 Qd7 34. Ng3
Qg4 35. Nxe5 Qxh4+ 36. Kg1 Kg8 37. Nf3 Qg4 38. Nf1 Nd5 39. c4 Nf4 40. Ne3 Qg6
41. Ne5 Qh7 42. Qd1 Qg7 43. Nf3 Nh3+ 44. Kh2 Nhxf2 45. Qd8+ Kh7 46. Qh4 Qa1 47.
Ng5+ Kg6 48. Nxe4 Qh1+ 49. Kg3 Qxh4+ 50. Kxh4 Nxe4 51. g4 c5 52. b5 Nd6 53. b6
f6 54. Kg3 Kg5 55. Kf3 f5 56. gxf5 Nxf5 57. Nc2 Nd6 58. Ne3 h5 59. Kg3 h4+ 60.
Kh3 Kf4 61. Nd5+ Ke5 62. Nc7 Kd4 63. Kxh4 Kxc4 64. Kg4 Kb4 65. Kf4 Kxa5 66. Ke5
Nc4+ 67. Kd5 Kxb6 0-1

[Event "Clutch Chess: Champions"]
[Site "Saint Louis USA"]
[Date "2025.10.27"]
[Round "5.1"]
[White "Caruana, Fabiano"]
[Black "Gukesh, D"]
[Result "0-1"]
[WhiteTitle "GM"]
[BlackTitle "GM"]
[WhiteElo "2789"]
[BlackElo "2752"]
[WhiteFideId "2020009"]
[BlackFideId "46616543"]
[EventDate "2025.10.27"]

1. c4 e5 2. g3 Nf6 3. Bg2 h6 4. Nc3 Bb4 5. e4 d6 6. Nge2 Nc6 7. h3 a6 8. a3 Bc5
9. b4 Ba7 10. d3 Nd4 11. Be3 c6 12. O-O O-O 13. Kh2 b5 14. f4 Bg4 15. Bxd4 exd4
16. Nb1 bxc4 17. dxc4 Re8 18. hxg4 Nxg4+ 19. Kh1 Qf6 20. Qd3 Qg6 21. Bh3 Rxe4
22. Bxg4 Qxg4 23. Qxe4 Qh3+ 24. Kg1 d3+ 25. c5 dxe2 26. Qxe2 dxc5 27. Qg2 cxb4+
28. Rf2 Qe6 29. Kh2 Bxf2 30. Qxf2 b3 31. Nc3 Rd8 32. Re1 Qc4 33. Rc1 Rd3 34. Qe2
c5 35. Qe8+ Kh7 36. Qe4+ Qxe4 37. Nxe4 c4 38. Rxc4 b2 39. Rb4 Rd4 40. Rxb2 Rxe4
41. Rb7 f6 42. Rb6 Ra4 43. Rb3 Kg6 44. Kg2 Kf5 45. Kf3 h5 46. Rc3 Ra5 47. Rd3 g6
48. Rc3 Rd5 49. a4 a5 50. Rb3 Rc5 51. Rd3 g5 52. fxg5 fxg5 53. Rd8 g4+ 54. Ke3
Rc3+ 55. Kf2 Rf3+ 56. Kg2 Ra3 57. Rd5+ Ke4 58. Rxa5 Ra2+ 59. Kg1 Kf3 60. Rxh5
Kxg3 61. Rf5 Ra1+ 62. Rf1 Rxf1+ 63. Kxf1 Kh2 64. a5 g3 65. a6 g2+ 0-1

[Event "Clutch Chess: Champions"]
[Site "Saint Louis USA"]
[Date "2025.10.27"]
[Round "6.1"]
[White "Gukesh, D"]
[Black "Caruana, Fabiano"]
[Result "1-0"]
[WhiteTitle "GM"]
[BlackTitle "GM"]
[WhiteElo "2752"]
[BlackElo "2789"]
[WhiteFideId "46616543"]
[BlackFideId "2020009"]
[EventDate "2025.10.27"]

1. d4 Nf6 2. g3 g6 3. Bg2 Bg7 4. Nf3 O-O 5. O-O d6 6. c4 c6 7. Nc3 Bf5 8. Ne1 e5
9. d5 cxd5 10. cxd5 a5 11. e4 Bg4 12. f3 Bd7 13. Be3 Na6 14. Nd3 b6 15. b3 Nc5
16. Qe2 Bc8 17. Nb5 Ba6 18. Nxc5 bxc5 19. a4 Ne8 20. Bd2 Qb6 21. Rfc1 Nc7 22.
Bf1 h5 23. h4 f5 24. exf5 gxf5 25. Bg5 Rae8 26. Ra2 f4 27. gxf4 exf4 28. Qc4 Kh8
29. Rg2 Rf5 30. Bd3 Rxd5 31. Kh1 Bb7 32. Rcg1 Nxb5 33. Bf6 Bxf6 34. Qxf4 Bg5 35.
Rxg5 Qd8 36. Rg8+ 1-0

[Event "Clutch Chess: Champions"]
[Site "Saint Louis USA"]
[Date "2025.10.28"]
[Round "7.1"]
[White "Carlsen, Magnus"]
[Black "Gukesh, D"]
[Result "1-0"]
[WhiteTitle "GM"]
[BlackTitle "GM"]
[WhiteElo "2839"]
[BlackElo "2752"]
[WhiteFideId "1503014"]
[BlackFideId "46616543"]
[EventDate "2025.10.27"]

1. Nf3 d5 2. g3 c6 3. Bg2 Bg4 4. c4 e6 5. cxd5 Bxf3 6. Bxf3 cxd5 7. O-O Nc6 8.
d4 Nf6 9. Nc3 Be7 10. e3 O-O 11. Bd2 Rc8 12. Qe2 Ne8 13. Rfc1 Nd6 14. Be1 Qd7
15. Qd1 f5 16. Be2 Ne4 17. Na4 Bd6 18. f3 Nf6 19. Nc5 Qe7 20. Nd3 Rc7 21. b4
Rfc8 22. b5 Nd8 23. Rxc7 Rxc7 24. a4 Nf7 25. a5 g5 26. a6 b6 27. Rc1 e5 28. Rxc7
Qxc7 29. dxe5 Nxe5 30. Nxe5 Bxe5 31. Bd3 f4 32. exf4 gxf4 33. Kg2 Kg7 34. Qe2
Bd4 35. Qe6 Qd7 36. Bf5 Qxe6 37. Bxe6 Be3 38. Bb4 d4 39. Bc4 Nd7 40. Bd6 fxg3
41. hxg3 Kf6 42. f4 h5 43. Kf3 Bd2 44. Bd5 Be1 45. Bc6 Ke6 46. Bc7 Ba5 47. f5+
Ke7 48. Ke4 1-0

[Event "Clutch Chess: Champions"]
[Site "Saint Louis USA"]
[Date "2025.10.28"]
[Round "8.1"]
[White "Gukesh, D"]
[Black "Carlsen, Magnus"]
[Result "0-1"]
[WhiteTitle "GM"]
[BlackTitle "GM"]
[WhiteElo "2752"]
[BlackElo "2839"]
[WhiteFideId "46616543"]
[BlackFideId "1503014"]
[EventDate "2025.10.27"]

1. e4 e5 2. Nf3 Nc6 3. Bc4 d6 4. O-O Be6 5. Bxe6 fxe6 6. c3 Nf6 7. Re1 Be7 8. d4
O-O 9. dxe5 Nxe5 10. Nxe5 dxe5 11. Nd2 Bc5 12. Nf3 Qxd1 13. Rxd1 Nxe4 14. Be3
Bxe3 15. fxe3 Rf5 16. Rd7 Rc8 17. Rad1 Nc5 18. Rd8+ Rxd8 19. Rxd8+ Rf8 20. Rd1
e4 21. Ne5 h5 22. Nd7 Rf5 23. Nxc5 Rxc5 24. Rd4 Rd5 25. c4 Rxd4 26. exd4 Kf7 27.
Kf2 Kf6 28. Ke3 Kf5 29. b4 a6 30. h4 b5 31. c5 c6 32. g3 e5 0-1

[Event "Clutch Chess: Champions"]
[Site "Saint Louis USA"]
[Date "2025.10.28"]
[Round "9.2"]
[White "Caruana, Fabiano"]
[Black "Carlsen, Magnus"]
[Result "1-0"]
[WhiteTitle "GM"]
[BlackTitle "GM"]
[WhiteElo "2789"]
[BlackElo "2839"]
[WhiteFideId "2020009"]
[BlackFideId "1503014"]
[EventDate "2025.10.27"]

1. e4 e5 2. Nf3 Nc6 3. Bb5 Nf6 4. O-O Nxe4 5. d4 Nd6 6. Bxc6 dxc6 7. dxe5 Nf5 8.
Qxd8+ Kxd8 9. h3 Ke8 10. Nc3 h5 11. Bf4 Be7 12. Rad1 Be6 13. Ng5 Rh6 14. Rfe1 h4
15. Nxe6 Rxe6 16. Ne4 c5 17. c3 c4 18. g4 hxg3 19. fxg3 b5 20. Kf2 b4 21. Re2
Rb8 22. h4 Ra6 23. h5 Kf8 24. g4 Nh6 25. Kf3 Rxa2 26. g5 Nf5 27. Kg4 g6 28. hxg6
fxg6 29. e6 Bd6 30. Nf6 bxc3 31. Rh1 Bxf4 32. Rh7 Ng7 33. Rh8+ Ke7 34. Rxb8 Rxb2
35. Rexb2 cxb2 36. Nd5+ Kd6 37. Nxf4 c3 38. Ne2 1-0

[Event "Clutch Chess: Champions"]
[Site "Saint Louis USA"]
[Date "2025.10.28"]
[Round "10.2"]
[White "Carlsen, Magnus"]
[Black "Caruana, Fabiano"]
[Result "0-1"]
[WhiteTitle "GM"]
[BlackTitle "GM"]
[WhiteElo "2839"]
[BlackElo "2789"]
[WhiteFideId "1503014"]
[BlackFideId "2020009"]
[EventDate "2025.10.27"]

1. d4 d5 2. Nf3 Nf6 3. c4 dxc4 4. Qa4+ Nbd7 5. Nc3 a6 6. Bf4 e6 7. e4 b5 8. Nxb5
axb5 9. Qxa8 Bb4+ 10. Ke2 e5 11. dxe5 Nxe5 12. Rd1 Nd3 13. Qc6+ Bd7 14. Qxc7 Qa8
15. Qb8+ Ke7 16. Qxa8 Nxf4+ 17. Ke3 Rxa8 18. Kxf4 Rxa2 19. Rb1 g5+ 20. Kxg5
Nxe4+ 21. Kf4 Nxf2 22. Rg1 Bd6+ 23. Kg5 Ne4+ 24. Kh4 Bc5 25. Rh1 Bf5 26. g4 Be6
27. Bh3 b4 28. Rhf1 b3 29. g5 Bf2+ 30. Rxf2 Nxf2 31. Bf1 Kd6 32. Kg3 Ne4+ 33.
Kf4 Nc5 34. Ke3 Na4 35. Nd2 Nxb2 36. Kd4 Ke7 37. h4 f6 38. Ne4 fxg5 39. hxg5 Bf5
40. Re1 Bxe4 41. Rxe4+ Kf7 42. Kc3 Nd1+ 43. Kb4 Rc2 44. Re1 Nb2 45. Bh3 Nd3+ 0-1

[Event "Clutch Chess: Champions"]
[Site "Saint Louis USA"]
[Date "2025.10.28"]
[Round "11.2"]
[White "Gukesh, D"]
[Black "Caruana, Fabiano"]
[Result "0-1"]
[WhiteTitle "GM"]
[BlackTitle "GM"]
[WhiteElo "2752"]
[BlackElo "2789"]
[WhiteFideId "46616543"]
[BlackFideId "2020009"]
[EventDate "2025.10.27"]

1. d4 Nf6 2. Nf3 g6 3. c4 Bg7 4. Nc3 O-O 5. e4 d6 6. Be3 Ng4 7. Bg5 h6 8. Bh4 g5
9. Bg3 e5 10. h4 exd4 11. Nxd4 Nc6 12. Nf3 gxh4 13. Nxh4 Re8 14. Be2 Qg5 15. Nf3
Qg6 16. Qd2 Bxc3 17. bxc3 Qxe4 18. Kf1 Qg6 19. Bf4 h5 20. Kg1 Nce5 21. Nh4 Qe6
22. f3 Ng6 23. Nxg6 Qxe2 24. fxg4 Qxd2 25. Bxd2 fxg6 26. gxh5 Re2 27. Bf4 b6 28.
h6 Bb7 29. Rh2 Kh7 30. Rf1 Rf8 31. Bg5 Rxf1+ 32. Kxf1 Rxa2 33. Bd8 c5 34. Bc7 a5
35. Rh4 g5 36. Rg4 Rxg2 0-1

[Event "Clutch Chess: Champions"]
[Site "Saint Louis USA"]
[Date "2025.10.28"]
[Round "12.2"]
[White "Caruana, Fabiano"]
[Black "Gukesh, D"]
[Result "1/2-1/2"]
[WhiteTitle "GM"]
[BlackTitle "GM"]
[WhiteElo "2789"]
[BlackElo "2752"]
[WhiteFideId "2020009"]
[BlackFideId "46616543"]
[EventDate "2025.10.27"]

1. e4 e5 2. Nf3 Nc6 3. Bb5 a6 4. Ba4 Bc5 5. c3 Nge7 6. d4 exd4 7. cxd4 Bb4+ 8.
Bd2 Bxd2+ 9. Nbxd2 d5 10. e5 O-O 11. O-O f6 12. exf6 Rxf6 13. Bxc6 Nxc6 14. Rc1
Bf5 15. Qb3 Qd7 16. Ne5 Nxe5 17. Qxb7 Rc8 18. dxe5 Rb6 19. Qa7 Rxb2 20. Nb3 Rxa2
21. Qe3 Ra3 22. Rc3 c5 23. Nxc5 Rxc3 24. Qxc3 Qe7 25. Rc1 a5 26. Qxa5 Qxe5 27.
h3 d4 28. Qb4 h6 29. Nd3 Rxc1+ 30. Nxc1 Kh7 31. Qd2 d3 32. h4 Qe4 33. h5 Qg4 34.
Nb3 Qe2 35. Qf4 Qd1+ 36. Kh2 Qxh5+ 37. Kg3 Bg6 38. Nd2 Qh1 39. Nf3 Qh5 40. Qd4
Qf5 41. Qe3 Bf7 42. Nd2 Bd5 43. f3 h5 44. Kf2 h4 45. Qd4 g5 46. Nf1 Bf7 47. Ne3
Qb5 48. Ng4 Bg6 49. Nf6+ Kh6 50. Nd7 Qc6 51. Qh8+ Bh7 52. Qf8+ Kh5 53. Qe8+ Kh6
54. Qf8+ Kh5 55. Qe8+ Kh6 56. Qf8+ Kh5 1/2-1/2

[Event "Clutch Chess: Champions"]
[Site "Saint Louis USA"]
[Date "2025.10.29"]
[Round "13.2"]
[White "Gukesh, D"]
[Black "Carlsen, Magnus"]
[Result "0-1"]
[WhiteTitle "GM"]
[BlackTitle "GM"]
[WhiteElo "2752"]
[BlackElo "2839"]
[WhiteFideId "46616543"]
[BlackFideId "1503014"]
[EventDate "2025.10.27"]

1. e4 e5 2. Nf3 Nc6 3. Bb5 a6 4. Ba4 Nf6 5. O-O Be7 6. d3 b5 7. Bb3 O-O 8. Re1
d6 9. c3 Bb7 10. Nbd2 h6 11. Nf1 Re8 12. Ng3 Bf8 13. d4 Na5 14. Bc2 Nc4 15. b3
Nb6 16. a4 bxa4 17. bxa4 a5 18. Bd3 Qc8 19. d5 c6 20. Be3 Nbd7 21. c4 Ba6 22. h3
Rb8 23. Qe2 Nc5 24. Bxc5 dxc5 25. Qc2 Rb4 26. Bf1 g6 27. Red1 Qc7 28. Rd2 cxd5
29. cxd5 c4 30. Qc1 Rc8 31. Rc2 Bg7 32. h4 h5 33. Ra3 Ng4 34. Rac3 Qb6 35. Qd2
Bh6 36. Qe2 Bf4 37. Nh1 Rb3 38. g3 Bh6 39. Bh3 Qb4 0-1

[Event "Clutch Chess: Champions"]
[Site "Saint Louis USA"]
[Date "2025.10.29"]
[Round "14.2"]
[White "Carlsen, Magnus"]
[Black "Gukesh, D"]
[Result "1-0"]
[WhiteTitle "GM"]
[BlackTitle "GM"]
[WhiteElo "2839"]
[BlackElo "2752"]
[WhiteFideId "1503014"]
[BlackFideId "46616543"]
[EventDate "2025.10.27"]

1. e4 e5 2. Nf3 Nc6 3. Bb5 a6 4. Ba4 d6 5. c4 Bg4 6. Nc3 Nf6 7. h3 Bxf3 8. Qxf3
Nd7 9. Ne2 g6 10. h4 h5 11. d3 Nc5 12. Bxc6+ bxc6 13. d4 exd4 14. Nxd4 Bg7 15.
Nxc6 Qd7 16. e5 Qg4 17. Qd5 O-O 18. O-O Qxh4 19. exd6 cxd6 20. Bg5 Qe4 21. Be7
Rfc8 22. Rae1 Qxd5 23. cxd5 Nd3 24. Re4 f5 25. Re6 Nf4 26. Rxd6 Nxd5 27. Bg5 Rc7
28. Nd8 Ne7 29. Re1 Bf8 30. Ne6 Rc6 31. Rd7 Nc8 32. Nxf8 Nb6 33. Ree7 1-0

[Event "Clutch Chess: Champions"]
[Site "Saint Louis USA"]
[Date "2025.10.29"]
[Round "15.1"]
[White "Carlsen, Magnus"]
[Black "Caruana, Fabiano"]
[Result "1-0"]
[WhiteTitle "GM"]
[BlackTitle "GM"]
[WhiteElo "2839"]
[BlackElo "2789"]
[WhiteFideId "1503014"]
[BlackFideId "2020009"]
[EventDate "2025.10.27"]

1. Nf3 c5 2. c4 g6 3. d4 cxd4 4. Nxd4 Nc6 5. e4 Nf6 6. Nc3 d6 7. Be2 Nxd4 8.
Qxd4 Bg7 9. Be3 O-O 10. Qd2 a5 11. O-O a4 12. Rfd1 Be6 13. Bd4 Qa5 14. Qe3 Nd7
15. Nd5 Bxd5 16. Bxg7 Kxg7 17. exd5 Qb6 18. Qc3+ Nf6 19. Rd4 Rfc8 20. Rad1 Rc5
21. g4 Kg8 22. h4 Re8 23. g5 Nd7 24. Re4 Qc7 25. Qe3 b5 26. b4 axb3 27. axb3
bxc4 28. b4 Rb5 29. Rxc4 Qb7 30. Rc7 Qxc7 31. Bxb5 Rb8 32. Rc1 Qd8 33. Bxd7 Qxd7
34. Qd4 Qf5 35. Rc7 e5 36. dxe6 Qxe6 37. Rc6 h6 38. Rxd6 Qe1+ 39. Kg2 hxg5 40.
hxg5 Qe7 41. Rd5 Qb7 42. Kg1 Qc7 43. b5 Qc1+ 44. Kg2 Qc7 45. Rd7 Qb6 46. Qxb6
Rxb6 47. Rd5 f6 48. f4 fxg5 49. fxg5 Kf7 50. Kf3 Ke6 51. Ke4 Rb8 52. Rc5 Kd7 53.
Kd5 Rf8 54. b6 Rf5+ 55. Kc4 Rf1 56. b7 Rc1+ 57. Kb5 1-0

[Event "Clutch Chess: Champions"]
[Site "Saint Louis USA"]
[Date "2025.10.29"]
[Round "16.1"]
[White "Caruana, Fabiano"]
[Black "Carlsen, Magnus"]
[Result "0-1"]
[WhiteTitle "GM"]
[BlackTitle "GM"]
[WhiteElo "2789"]
[BlackElo "2839"]
[WhiteFideId "2020009"]
[BlackFideId "1503014"]
[EventDate "2025.10.27"]

1. e4 e5 2. Nf3 Nc6 3. Bb5 a6 4. Ba4 Nf6 5. O-O Be7 6. Bxc6 dxc6 7. Re1 Nd7 8.
d4 exd4 9. Qxd4 O-O 10. Bf4 Nc5 11. Qe3 Ne6 12. Bg3 Bc5 13. Qe2 a5 14. Nbd2 b6
15. Rad1 Ba6 16. c4 Qe7 17. Nb3 Bb4 18. Rf1 b5 19. Nbd4 Nxd4 20. Nxd4 bxc4 21.
Qe3 Rfe8 22. a3 c3 23. axb4 Bxf1 24. bxc3 Bc4 25. bxa5 Qxe4 26. Qxe4 Rxe4 27.
Bxc7 Rae8 28. f3 Re1+ 29. Rxe1 Rxe1+ 30. Kf2 Rc1 31. Nxc6 Rxc3 32. Nd4 Ra3 33.
g4 Bd5 34. h4 f6 35. h5 Kf7 36. Bb6 Bb7 37. f4 Bd5 38. g5 fxg5 39. fxg5 Rh3 40.
g6+ hxg6 41. hxg6+ Kxg6 42. a6 Ra3 43. a7 Kh5 44. Bc5 Ra5 45. Bb6 Ra6 46. Bc5 g5
47. Ke3 Ra5 48. Bb6 Ra3+ 49. Kf2 Kg4 50. Bc5 Ra5 51. Bb6 Ra2+ 52. Ke3 Ra3+ 53.
Kd2 Kh3 54. Kc2 Ra4 55. Ne2 Ba8 56. Kb3 Ra6 57. Bd4 g4 58. Kb4 g3 59. Kb5 Ra2
60. Nf4+ Kg4 61. Ne6 g2 62. Nc7 Bf3 63. Ne6 Rd2 64. Bg1 Rd1 65. Bf2 g1=Q 66.
Bxg1 Rxg1 67. Kb6 Rb1+ 68. Ka6 Bh1 69. Nc7 Kf5 70. Nb5 Ke6 71. Nc3 Rb3 72. Na4
Ra3 73. Kb5 Kd6 74. Kb4 Ra1 0-1

[Event "Clutch Chess: Champions"]
[Site "Saint Louis USA"]
[Date "2025.10.29"]
[Round "17.1"]
[White "Caruana, Fabiano"]
[Black "Gukesh, D"]
[Result "1/2-1/2"]
[WhiteTitle "GM"]
[BlackTitle "GM"]
[WhiteElo "2789"]
[BlackElo "2752"]
[WhiteFideId "2020009"]
[BlackFideId "46616543"]
[EventDate "2025.10.27"]

1. c4 e5 2. g3 d5 3. cxd5 Qxd5 4. Nf3 Nc6 5. Nc3 Qd8 6. Bg2 Nf6 7. O-O h6 8. b3
Bd6 9. Bb2 O-O 10. d4 Qe7 11. dxe5 Nxe5 12. Nb5 Nxf3+ 13. Bxf3 Bc5 14. Bxf6 gxf6
15. e3 Rd8 16. Qe2 c6 17. Nc3 f5 18. Qc2 Bd6 19. Ne2 Be5 20. Rad1 Be6 21. Kg2 a5
22. Nc1 Kg7 23. Nd3 Bd6 24. Rd2 Bb4 25. Nxb4 axb4 26. Rfd1 Rxd2 27. Qxd2 c5 28.
Qb2+ Qf6 29. Qc2 Qc3 30. Rd2 c4 31. Bxb7 Ra7 32. Bf3 cxb3 33. axb3 Bxb3 34. Qd3
Qxd3 35. Rxd3 Bc2 36. Rd4 b3 37. Rb4 Ra1 38. Bd5 Rb1 39. Kf3 Rd1 40. Bxb3 Rb1
41. Bxc2 Rxb4 42. Bxf5 Kf6 43. e4 Rb3+ 44. Kg2 Ke5 45. h4 f6 46. f3 Kd4 47. Bg4
Ke3 48. Kh3 Kf2 49. Bh5 Rc3 50. Kg4 Rxf3 51. Bg6 Rxg3+ 52. Kh5 Rh3 53. Bf5 Rh2
54. Kxh6 Rxh4+ 55. Kg6 Ke3 56. Kxf6 Rxe4 57. Bxe4 Kxe4 1/2-1/2

[Event "Clutch Chess: Champions"]
[Site "Saint Louis USA"]
[Date "2025.10.29"]
[Round "18.1"]
[White "Gukesh, D"]
[Black "Caruana, Fabiano"]
[Result "1/2-1/2"]
[WhiteTitle "GM"]
[BlackTitle "GM"]
[WhiteElo "2752"]
[BlackElo "2789"]
[WhiteFideId "46616543"]
[BlackFideId "2020009"]
[EventDate "2025.10.27"]

1. d4 Nf6 2. Nf3 e6 3. g3 b5 4. Bg2 Bb7 5. O-O c5 6. c3 Be7 7. a4 b4 8. cxb4
cxb4 9. Bg5 O-O 10. Nbd2 a5 11. Ne5 Bxg2 12. Kxg2 d6 13. Nd3 Nbd7 14. e3 Nd5 15.
Bxe7 Qxe7 16. Qe2 N7b6 17. e4 Nf6 18. Rfc1 Rfc8 19. Nb3 Rxc1 20. Rxc1 Qd7 21. e5
dxe5 22. dxe5 Nfd5 23. Ndc5 Qe8 24. Nd4 Nxa4 25. Ne4 Nab6 26. Qg4 Nd7 27. Nd6
Qf8 28. Qe4 a4 29. f4 g6 30. f5 gxf5 31. N4xf5 a3 32. bxa3 bxa3 33. Rf1 a2 34.
Nxf7 exf5 35. Qxd5 a1=Q 36. Rxa1 Rxa1 37. Ng5+ Kh8 38. Qxd7 Ra2+ 39. Kf1 Ra1+
40. Ke2 Ra2+ 41. Kf1 Ra1+ 42. Ke2 Ra2+ 43. Kf1 Ra1+ 44. Ke2 1/2-1/2